| 000 | 00653nam a2200169Ia 4500 | ||
|---|---|---|---|
| 003 | GCL | ||
| 008 | 140319s9999 xx 000 0 ara d | ||
| 040 |
_aGCL / _cGCL |
||
| 082 | 0 | 4 |
_a320.04 _bج م |
| 245 | 1 | 0 |
_aالمشاركة السياسية للمرأة : _bدلالات ومؤشرات انتخابات المجالس الشعبية المحلية عام 2002 |
| 260 |
_aالقاهرة : _bجمعية المراة و المجتمع ، _c2002 |
||
| 300 |
_a55 ص ؛ _c24 سم |
||
| 650 | 0 | 4 | _aالمرأة العاملة |
| 650 | 0 | 4 | _aالمرأة - رعاية اجتماعية |
| 650 | 0 | 4 | _aالمرأة - احوال سياسية |
| 942 |
_2ddc _cBK |
||
| 999 |
_c7043 _d7043 |
||